Nalikera samskaranavum vipanavum (Record no. 15744)
[ view plain ]
| 000 -LEADER | |
|---|---|
| fixed length control field | 00322nam a22001217a 4500 |
| 003 - CONTROL NUMBER IDENTIFIER | |
| control field | OSt |
| 008 - FIXED-LENGTH DATA ELEMENTS--GENERAL INFORMATION | |
| fixed length control field | 190926b ||||| |||| 00| 0 eng d |
| 082 ## - DEWEY DECIMAL CLASSIFICATION NUMBER | |
| Classification number | 664.80461 ARA/NA |
| 100 ## - MAIN ENTRY--AUTHOR NAME | |
| Personal name | Aravindakshan,M. |
| 245 ## - TITLE STATEMENT | |
| Title | Nalikera samskaranavum vipanavum |
| 260 ## - PUBLICATION, DISTRIBUTION, ETC. (IMPRINT) | |
| Place of publication | Kochi |
| Name of publisher | Coconut Development Board |
| Year of publication | 1996 |
| 942 ## - ADDED ENTRY ELEMENTS (KOHA) | |
| Koha item type | Books |
| Withdrawn status | Lost status | Damaged status | Home library | Current library | Shelving location | Date acquired | Full call number | Accession Number | Koha item type |
|---|---|---|---|---|---|---|---|---|---|
| Withdrawn | KAUAET | KAUAET | General Stacks | 26/09/2019 | 664.80461 ARA/NA | 19815 | Books |
